Statistiques concernant Toutes les equipes de Premier League depuis 1992

Cliquez ici pour prendre le quiz!

Statistiques générales

  • Ce quiz a été pris 355 fois
    (336 depuis la dernière actualisation)
  • Le résultat moyen est 29 sur 49

Statistiques - réponses

Top position depuis 2000Equipes% Correct
1erChelsea
99%
1erManchester City
99%
1erManchester United
99%
1erArsenal
98%
1erLiverpool
97%
2emeTottenham Hotspur
95%
1erLeicester City
93%
4emeEverton
88%
2emeNewcastle United
88%
5emeWest Ham
88%
2emeAston Villa
86%
3emeLeeds United
81%
7emeWolverhampton
78%
15emeBrighton
77%
3emeNorwich City
76%
7emeFulham
75%
10emeCrystal Palace
73%
8emeSouthampton
72%
3emeNottingham Forest
71%
7emeBurnley
68%
7emeSunderland
67%
1erBlackburn Rovery
63%
8emeSwansea City
63%
18emeCardiff City
62%
9emeBirmingham City
61%
9emeBournemouth
60%
11emeWatford
60%
9emeSheffield United
59%
5emeQueens Park Rangers
53%
16emeHull City
51%
8emePortsmouth
49%
8emeWest Bromwich
49%
9emeStoke City
45%
6emeBolton Wanderers
42%
8emeDerby County
41%
7emeSheffield Wednesday
39%
16emeHuddersfield
35%
7emeMiddlesbrough
35%
19emeBlackpool
33%
5emeIpswich Town
33%
10emeWigan Athletic
33%
8emeReading
31%
11emeCoventry City
30%
7emeCharlton Athletic
26%
6emeWimbledon
24%
19emeBarnsley
20%
19emeOldham Athletic
8%
22emeSwindon Town
7%
17emeBradfort City
4%

Distribution des résultats

Percentile par nombre de réponses

% des personnes avec chaque résultat

Votre développement - résultats

Vous n’avez pas pris ce quiz depuis la dernière actualisation